<?xml version="1.0" encoding="UTF-8"?>
<record
    xmlns:xsi="http://www.w3.org/2001/XMLSchema-instance"
    xsi:schemaLocation="http://www.loc.gov/MARC21/slim http://www.loc.gov/standards/marcxml/schema/MARC21slim.xsd"
    xmlns="http://www.loc.gov/MARC21/slim">

  <leader>02080nam a2200205 a 4500</leader>
  <controlfield tag="008">190917t2002    ag  |||g |||| 001 0 spa d</controlfield>
  <datafield tag="020" ind1=" " ind2=" ">
    <subfield code="a">9500722097</subfield>
  </datafield>
  <datafield tag="041" ind1=" " ind2=" ">
    <subfield code="a">spa</subfield>
  </datafield>
  <datafield tag="092" ind1=" " ind2=" ">
    <subfield code="c">306.7</subfield>
    <subfield code="l">46</subfield>
    <subfield code="s">KUS</subfield>
  </datafield>
  <datafield tag="100" ind1="1" ind2=" ">
    <subfield code="a">Kusnetzoff, Juan Carlos</subfield>
    <subfield code="9">4033</subfield>
  </datafield>
  <datafield tag="245" ind1="3" ind2=" ">
    <subfield code="a">El gran dilema del sexo.</subfield>
    <subfield code="b">La vida de a dos /</subfield>
    <subfield code="c">Juan Carlos Kusnetzoff</subfield>
  </datafield>
  <datafield tag="250" ind1=" " ind2=" ">
    <subfield code="a">1a ed.</subfield>
  </datafield>
  <datafield tag="260" ind1=" " ind2=" ">
    <subfield code="a">Buenos Aires:</subfield>
    <subfield code="b">Sudamericana;</subfield>
    <subfield code="c">2002.</subfield>
  </datafield>
  <datafield tag="300" ind1=" " ind2=" ">
    <subfield code="a">222 p.</subfield>
  </datafield>
  <datafield tag="500" ind1=" " ind2=" ">
    <subfield code="a">Kusnetzoff, J. C. (2002). El gran dilema del sexo. La vida de a dos. (1a ed.). Buenos Aires : Sudamericana.</subfield>
  </datafield>
  <datafield tag="505" ind1=" " ind2=" ">
    <subfield code="a">En ser humano se manifiesta a trav&#xE9;s de dos g&#xE9;neros: hombre o mujer. Esta diferencia dio pie a todo tipo de preguntas, desde la cuesti&#xF3;n acerca de si un sexo es "m&#xE1;s fuerte" que el otro y por lo tanto "debe" dominarlo hasta -en la actualidad- la injerencia de los genes en la orientaci&#xF3;n sexual. El m&#xE9;dico y sex&#xF3;logo Juan Carlos Kusnetzoff se introduce de lleno en un terreno tan enigm&#xE1;tico como sorprendente. Bas&#xE1;ndose en s&#xF3;lidos conocimientos cient&#xED;ficos pero sin desechar los aportes de la historia, la filosof&#xED;a, la sociolog&#xED;a y la literatura, traza un mapa de la diferencia entre los sexos que resulta apasionante tanto para lectores con conocimientos en la materia como para aquellos que sienten simple curiosidad por "el gran dilema del sexo". Con todo riguroso y toques de humor, describe las diferencias f&#xED;sicas, biol&#xF3;gicas y gen&#xE9;ticas y las consecuencias que generaron tanto en la teor&#xED;a como en la pr&#xE1;ctica. El resultado es un libro repleto de informaci&#xF3;n sorprendente que no cierra el debate sino, por el contrario, deja la puerta abierta para las posturas m&#xE1;s pol&#xE9;micas y menos prejuiciosas: "Seguimos sin saber nada con exactitud por qu&#xE9; hay dos sexos. Esta diferencia hace que, otra vez, nos inclinemos ante la naturaleza, que eligi&#xF3; esta estrategia para que nos podamos fusionar y reproducir, y gozar as&#xED; de nuestro breve pasaje por este planeta".</subfield>
  </datafield>
  <datafield tag="590" ind1=" " ind2=" ">
    <subfield code="a">Proyecto 4to libro, Donaci&#xF3;n Constanzo, Juan Carlos, marzo 2019</subfield>
  </datafield>
  <datafield tag="655" ind1=" " ind2=" ">
    <subfield code="a">Sociologia</subfield>
    <subfield code="9">4034</subfield>
  </datafield>
  <datafield tag="942" ind1=" " ind2=" ">
    <subfield code="2">ddc</subfield>
    <subfield code="c">LIT</subfield>
  </datafield>
  <datafield tag="999" ind1=" " ind2=" ">
    <subfield code="c">2875</subfield>
    <subfield code="d">2875</subfield>
  </datafield>
  <datafield tag="952" ind1=" " ind2=" ">
    <subfield code="0">0</subfield>
    <subfield code="1">0</subfield>
    <subfield code="2">ddc</subfield>
    <subfield code="4">0</subfield>
    <subfield code="7">0</subfield>
    <subfield code="a">BFM</subfield>
    <subfield code="b">BFM</subfield>
    <subfield code="c">CR</subfield>
    <subfield code="d">2019-03-06</subfield>
    <subfield code="e">Donaci&#xF3;n Constanzo, Juan Carlos, marzo 2019</subfield>
    <subfield code="l">0</subfield>
    <subfield code="o">306.7 46 KUS</subfield>
    <subfield code="p">4407</subfield>
    <subfield code="r">2019-03-06</subfield>
    <subfield code="t">Ej. 1</subfield>
    <subfield code="w">2019-03-06</subfield>
    <subfield code="y">LIT</subfield>
    <subfield code="z">Proyecto 4to libro. Donaci&#xF3;n Constanzo Juan Carlos, marzo 2019</subfield>
  </datafield>
</record>
